Normal view
MARC view
- STORAGE BATTERIES HANDBOOKS, MANUALS ETC GATES ENERGY PRODUCTS
Entry Topical Term
001 - CONTROL NUMBER
- control field: 66659
003 - CONTROL NUMBER IDENTIFIER
- control field: NUST
005 - DATE AND TIME OF LATEST TRANSACTION
- control field: 20210628203634.0
008 - FIXED-LENGTH DATA ELEMENTS
- fixed length control field: 210628|| aca||aabn | a|a d
040 ## - CATALOGING SOURCE
- Original cataloging agency: NUST
- Transcribing agency: NUST
150 ## - HEADING--TOPICAL TERM
- Topical term or geographic name entry element: STORAGE BATTERIES HANDBOOKS, MANUALS ETC GATES ENERGY PRODUCTS
670 ## - SOURCE DATA FOUND
- Source citation: Work cat.: (NUST): Butterworth 66658, Rechargeable batteries application handbook, 1992
